| 000 | 00982 a2200229 4500 | ||
|---|---|---|---|
| 020 | _a0023767510 | ||
| 020 | _a9780023767517 | ||
| 082 | 0 | 4 | _a658.4038 |
| 090 |
_c3156 _d3156 |
||
| 100 | 1 | _aMartin, E. Wainright. | |
| 245 | 1 | 0 |
_aManaging information technology : _bwhat managers need to know / _cE. Wainright Martin. |
| 250 | _a2nd ed. | ||
| 260 |
_a[S.l.] : _bMacMillan Publishing Company, _c1993. |
||
| 300 |
_a755 p. ; _c27 cm. |
||
| 500 | _aHardcover. | ||
| 520 | _aFocuses on management of information technology topics vital to a successful career as a manager. Completely updated to reflect the rapid changes in information technology and new types of business applications. | ||
| 700 | 1 | _aDehayes, Daniel W. | |
| 700 | 1 | _aHoffer, Jeffrey A. | |
| 856 | 4 | 0 |
_3Amazon.com _uhttp://www.amazon.com/exec/obidos/ASIN/0023767510/chopaconline-20 |
| 856 | 4 | 0 |
_3Amazon customer reviews _uhttp://www.chopac.org/cgi-bin/tools/azrev.pl?q=0023767510 |
| 942 |
_aNBS _cBK _k658.4038 KIL |
||
| 999 |
_c345645 _d345645 |
||